[Event "DVM U14 2024"]
[Site "Heidelberg GER"]
[Date "2024.12.30"]
[Round "7"]
[White "Nawrath, Lars"]
[Black "Splitt, Albert"]
[Result "0-1"]
[Termination "normal"]
[Board "8.4"]
[WhiteElo "1189"]
[BlackElo "1571"]
[WhiteClock "00:26:17"]
[BlackClock "00:21:33"]
[WhiteTeam "SG Solingen"]
[BlackTeam "Barnimer SF im SV Stahl Finow"]
[PlyCount "72"]
[WhiteFideId "34683364"]
[BlackFideId "34602879"]
[EventCountry "GER"]
[EventRounds "7"]
[EventType "team-swiss"]
[EventDate "2024.12.26"]

1. d4 {[%clk 01:30:55]} {[%emt 00:00:05]} Nf6 {[%clk 01:30:48]} {[%emt
00:00:12]} 2. Bf4 {[%clk 01:31:15]} {[%emt 00:00:10]} g6 {[%clk 01:31:10]}
{[%emt 00:00:09]} 3. Nf3 {[%clk 01:29:47]} {[%emt 00:01:58]} Bg7 {[%clk
01:31:14]} {[%emt 00:00:26]} 4. e3 {[%clk 01:29:47]} {[%emt 00:00:30]} d6
{[%clk 01:31:24]} {[%emt 00:00:20]} 5. h3 {[%clk 01:30:01]} {[%emt 00:00:16]}
Nbd7 {[%clk 01:30:53]} {[%emt 00:01:01]} 6. Nbd2 {[%clk 01:28:36]} {[%emt
00:01:55]} O-O {[%clk 01:30:46]} {[%emt 00:00:38]} 7. c3 {[%clk 01:26:29]}
{[%emt 00:02:37]} Qe8 {[%clk 01:29:02]} {[%emt 00:02:13]} 8. Qc2 {[%clk
01:26:30]} {[%emt 00:00:28]} e5 {[%clk 01:20:48]} {[%emt 00:08:44]} 9. Bh2
{[%clk 01:26:53]} {[%emt 00:00:06]} b6 {[%clk 01:20:41]} {[%emt 00:00:38]} 10.
b4 {[%clk 01:26:54]} {[%emt 00:00:29]} Bb7 {[%clk 01:19:11]} {[%emt 00:02:00]}
11. dxe5 {[%clk 01:22:10]} {[%emt 00:05:14]} dxe5 {[%clk 01:16:30]} {[%emt
00:03:12]} 12. e4 {[%clk 01:21:00]} {[%emt 00:01:40]} Qe7 {[%clk 01:11:43]}
{[%emt 00:05:17]} 13. Rb1 {[%clk 01:15:32]} {[%emt 00:05:58]} Rab8 {[%clk
01:10:01]} {[%emt 00:02:12]} 14. a4 {[%clk 01:06:45]} {[%emt 00:09:17]} Ne8
{[%clk 01:04:20]} {[%emt 00:06:10]} 15. g4 {[%clk 01:02:44]} {[%emt 00:04:32]}
Nd6 {[%clk 00:59:15]} {[%emt 00:05:36]} 16. Bd3 {[%clk 00:57:59]} {[%emt
00:05:14]} Bh6 {[%clk 00:55:17]} {[%emt 00:04:28]} 17. O-O {[%clk 00:57:04]}
{[%emt 00:01:25]} Bxd2 {[%clk 00:54:33]} {[%emt 00:01:15]} 18. Nxd2 {[%clk
00:57:23]} {[%emt 00:00:10]} Qh4 {[%clk 00:54:11]} {[%emt 00:00:51]} 19. Kg2
{[%clk 00:54:58]} {[%emt 00:02:57]} f5 {[%clk 00:51:08]} {[%emt 00:03:34]} 20.
Qb3+ {[%clk 00:52:50]} {[%emt 00:02:38]} Kh8 {[%clk 00:50:49]} {[%emt
00:00:49]} 21. f3 {[%clk 00:41:03]} {[%emt 00:12:17]} Qh6 {[%clk 00:46:13]}
{[%emt 00:05:05]} 22. Rf2 {[%clk 00:37:59]} {[%emt 00:03:34]} Qe3 {[%clk
00:42:25]} {[%emt 00:04:19]} 23. Qc2 {[%clk 00:36:26]} {[%emt 00:02:03]} Qg5
{[%clk 00:29:32]} {[%emt 00:13:22]} 24. f4 {[%clk 00:34:43]} {[%emt 00:02:14]}
fxe4 {[%clk 00:29:11]} {[%emt 00:00:51]} 25. Bxe4 {[%clk 00:33:49]} {[%emt
00:01:23]} exf4 {[%clk 00:28:10]} {[%emt 00:01:31]} 26. Rbf1 {[%clk 00:31:56]}
{[%emt 00:02:23]} Nxe4 {[%clk 00:26:45]} {[%emt 00:01:56]} 27. Nxe4 {[%clk
00:32:18]} {[%emt 00:00:07]} Nf6 {[%clk 00:23:41]} {[%emt 00:03:34]} 28. Rxf4
{[%clk 00:30:40]} {[%emt 00:02:08]} Rbe8 {[%clk 00:23:16]} {[%emt 00:00:55]}
29. Re1 {[%clk 00:26:45]} {[%emt 00:04:25]} Nxe4 {[%clk 00:20:50]} {[%emt
00:02:57]} 30. Rfxe4 {[%clk 00:27:08]} {[%emt 00:00:07]} Rxe4 {[%clk 00:20:05]}
{[%emt 00:01:15]} 31. Rxe4 {[%clk 00:27:29]} {[%emt 00:00:09]} Bxe4+ {[%clk
00:19:55]} {[%emt 00:00:39]} 32. Qxe4 {[%clk 00:27:49]} {[%emt 00:00:08]} Qd2+
{[%clk 00:20:11]} {[%emt 00:00:17]} 33. Kg1 {[%clk 00:25:13]} {[%emt 00:03:05]}
Qf2+ {[%clk 00:20:24]} {[%emt 00:00:17]} 34. Kh1 {[%clk 00:25:36]} {[%emt
00:00:07]} Qf1+ {[%clk 00:20:49]} {[%emt 00:00:05]} 35. Bg1 {[%clk 00:25:59]}
{[%emt 00:00:07]} Qxh3+ {[%clk 00:21:10]} {[%emt 00:00:09]} 36. Bh2 {[%clk
00:26:17]} {[%emt 00:00:11]} Rf1# {[%clk 00:21:33]} {[%emt 00:00:07]} 0-1

[Event "DVM U14 2024"]
[Site "Heidelberg GER"]
[Date "2024.12.30"]
[Round "7"]
[White "Ensslen, Jakob"]
[Black "Kommessin, Felix"]
[Result "1/2-1/2"]
[Termination "normal"]
[Board "9.1"]
[WhiteElo "1714"]
[BlackElo "1757"]
[WhiteClock "00:00:58"]
[BlackClock "00:39:43"]
[WhiteTeam "Karlsruher SF 1853"]
[BlackTeam "SF Brackel 1930"]
[PlyCount "81"]
[WhiteFideId "34640258"]
[BlackFideId "16294661"]
[EventCountry "GER"]
[EventRounds "7"]
[EventType "team-swiss"]
[EventDate "2024.12.26"]

1. e4 {[%clk 01:30:56]} {[%emt 00:00:04]} e5 {[%clk 01:30:55]} {[%emt
00:00:05]} 2. Nf3 {[%clk 01:31:21]} {[%emt 00:00:04]} Nc6 {[%clk 01:31:21]}
{[%emt 00:00:05]} 3. Bc4 {[%clk 01:31:49]} {[%emt 00:00:03]} Nf6 {[%clk
01:31:46]} {[%emt 00:00:04]} 4. d3 {[%clk 01:32:10]} {[%emt 00:00:09]} Bc5
{[%clk 01:31:45]} {[%emt 00:00:30]} 5. Nc3 {[%clk 01:32:17]} {[%emt 00:00:24]}
d6 {[%clk 01:31:34]} {[%emt 00:00:42]} 6. Be3 {[%clk 01:32:10]} {[%emt
00:00:37]} Bb6 {[%clk 01:31:20]} {[%emt 00:00:44]} 7. h3 {[%clk 01:31:16]}
{[%emt 00:01:23]} Be6 {[%clk 01:31:23]} {[%emt 00:00:27]} 8. Bxe6 {[%clk
01:31:20]} {[%emt 00:00:27]} fxe6 {[%clk 01:31:40]} {[%emt 00:00:13]} 9. Qd2
{[%clk 01:28:33]} {[%emt 00:03:17]} Qd7 {[%clk 01:31:36]} {[%emt 00:00:34]} 10.
O-O-O {[%clk 01:25:40]} {[%emt 00:03:22]} Nd4 {[%clk 01:30:20]} {[%emt
00:01:46]} 11. Kb1 {[%clk 01:21:29]} {[%emt 00:04:40]} O-O-O {[%clk 01:30:16]}
{[%emt 00:00:34]} 12. Ne2 {[%clk 01:19:35]} {[%emt 00:02:24]} Nxf3 {[%clk
01:25:46]} {[%emt 00:05:01]} 13. gxf3 {[%clk 01:19:52]} {[%emt 00:00:13]} h6
{[%clk 01:25:32]} {[%emt 00:00:44]} 14. h4 {[%clk 01:17:06]} {[%emt 00:03:15]}
Rhf8 {[%clk 01:24:34]} {[%emt 00:01:28]} 15. Bxb6 {[%clk 01:13:07]} {[%emt
00:04:29]} axb6 {[%clk 01:23:37]} {[%emt 00:01:27]} 16. d4 {[%clk 01:07:00]}
{[%emt 00:06:37]} exd4 {[%clk 01:22:35]} {[%emt 00:01:32]} 17. Qxd4 {[%clk
01:02:53]} {[%emt 00:04:36]} e5 {[%clk 01:22:18]} {[%emt 00:00:48]} 18. Qe3
{[%clk 00:58:41]} {[%emt 00:04:41]} Qe6 {[%clk 01:17:46]} {[%emt 00:05:02]} 19.
h5 {[%clk 00:49:21]} {[%emt 00:09:51]} d5 {[%clk 01:15:08]} {[%emt 00:03:08]}
20. Ng3 {[%clk 00:41:53]} {[%emt 00:07:56]} dxe4 {[%clk 01:14:35]} {[%emt
00:01:04]} 21. Nxe4 {[%clk 00:33:25]} {[%emt 00:08:58]} Rxd1+ {[%clk 01:14:02]}
22. Rxd1 {[%clk 00:33:11]} {[%emt 00:01:47]} Kb8 {[%clk 01:10:43]} {[%emt
00:03:50]} 23. Nxf6 {[%clk 00:25:48]} {[%emt 00:07:53]} Qxf6 {[%clk 01:09:54]}
{[%emt 00:01:19]} 24. Rd3 {[%clk 00:17:47]} {[%emt 00:08:31]} Qh4 {[%clk
01:04:58]} {[%emt 00:05:25]} 25. b3 {[%clk 00:17:15]} {[%emt 00:01:02]} Qxh5
{[%clk 01:04:23]} {[%emt 00:01:06]} 26. Qe4 {[%clk 00:13:55]} {[%emt 00:03:50]}
Qf5 {[%clk 01:02:56]} {[%emt 00:01:55]} 27. Qd5 {[%clk 00:13:22]} {[%emt
00:01:03]} e4 {[%clk 00:58:13]} {[%emt 00:05:14]} 28. fxe4 {[%clk 00:12:01]}
{[%emt 00:01:52]} Qxd5 {[%clk 00:58:30]} {[%emt 00:00:13]} 29. Rxd5 {[%clk
00:12:03]} {[%emt 00:00:28]} Rxf2 {[%clk 00:58:52]} {[%emt 00:00:08]} 30. Rd8+
{[%clk 00:12:26]} {[%emt 00:00:07]} Ka7 {[%clk 00:59:17]} {[%emt 00:00:05]} 31.
Rd7 {[%clk 00:12:37]} {[%emt 00:00:19]} g5 {[%clk 00:58:42]} {[%emt 00:01:05]}
32. Rxc7 {[%clk 00:12:00]} {[%emt 00:01:07]} Rf6 {[%clk 00:52:17]} {[%emt
00:06:55]} 33. Kc1 {[%clk 00:06:17]} {[%emt 00:06:13]} g4 {[%clk 00:47:01]}
{[%emt 00:05:45]} 34. Kd2 {[%clk 00:05:53]} {[%emt 00:00:55]} h5 {[%clk
00:45:46]} {[%emt 00:01:46]} 35. Rh7 {[%clk 00:04:25]} {[%emt 00:01:58]} Rf2+
{[%clk 00:45:25]} {[%emt 00:00:51]} 36. Ke3 {[%clk 00:03:19]} {[%emt 00:01:36]}
Rxc2 {[%clk 00:39:54]} {[%emt 00:06:01]} 37. e5 {[%clk 00:02:37]} {[%emt
00:01:12]} Rxa2 {[%clk 00:39:09]} {[%emt 00:01:15]} 38. e6 {[%clk 00:02:12]}
{[%emt 00:00:55]} Ra1 {[%clk 00:39:08]} {[%emt 00:00:32]} 39. Kd2 {[%clk
00:01:43]} {[%emt 00:00:59]} Ra5 {[%clk 00:39:19]} {[%emt 00:00:18]} 40. e7
{[%clk 00:00:58]} {[%emt 00:01:16]} Re5 {[%clk 00:39:43]} {[%emt 00:00:06]} 41.
Kd3 {[%emt 00:10:00]} 1/2-1/2

[Event "DVM U14 2024"]
[Site "Heidelberg GER"]
[Date "2024.12.30"]
[Round "7"]
[White "Luccone, Constantin"]
[Black "Müller, Maximilian"]
[Result "1/2-1/2"]
[Termination "normal"]
[Board "9.2"]
[WhiteElo "1567"]
[BlackElo "1679"]
[WhiteClock "00:55:13"]
[BlackClock "00:25:47"]
[WhiteTeam "SF Brackel 1930"]
[BlackTeam "Karlsruher SF 1853"]
[PlyCount "70"]
[WhiteFideId "34634096"]
[BlackFideId "34640282"]
[EventCountry "GER"]
[EventRounds "7"]
[EventType "team-swiss"]
[EventDate "2024.12.26"]

1. e4 {[%clk 01:30:59]} c5 {[%clk 01:30:58]} {[%emt 00:00:03]} 2. d4 {[%clk
01:31:21]} {[%emt 00:00:08]} cxd4 {[%clk 01:31:12]} {[%emt 00:00:16]} 3. c3
{[%clk 01:31:46]} {[%emt 00:00:05]} d5 {[%clk 01:27:14]} {[%emt 00:04:27]} 4.
exd5 {[%clk 01:32:06]} {[%emt 00:00:10]} Qxd5 {[%clk 01:27:37]} {[%emt
00:00:07]} 5. cxd4 {[%clk 01:31:51]} {[%emt 00:00:45]} Nc6 {[%clk 01:26:49]}
{[%emt 00:01:18]} 6. Nf3 {[%clk 01:32:15]} {[%emt 00:00:06]} Bg4 {[%clk
01:27:04]} {[%emt 00:00:15]} 7. Nc3 {[%clk 01:31:37]} {[%emt 00:01:09]} Qd8
{[%clk 01:26:03]} {[%emt 00:01:31]} 8. Be3 {[%clk 01:31:27]} {[%emt 00:00:41]}
e6 {[%clk 01:25:29]} {[%emt 00:01:03]} 9. a3 {[%clk 01:31:37]} {[%emt
00:00:21]} a6 {[%clk 01:24:43]} {[%emt 00:01:15]} 10. Be2 {[%clk 01:31:51]}
{[%emt 00:00:16]} Be7 {[%clk 01:24:27]} {[%emt 00:00:45]} 11. O-O {[%clk
01:27:59]} {[%emt 00:04:23]} Nf6 {[%clk 01:24:27]} {[%emt 00:00:29]} 12. Qd2
{[%clk 01:21:20]} {[%emt 00:07:09]} O-O {[%clk 01:22:38]} {[%emt 00:02:18]} 13.
Rfd1 {[%clk 01:21:35]} {[%emt 00:00:15]} Rc8 {[%clk 01:16:43]} {[%emt
00:06:25]} 14. Rac1 {[%clk 01:21:47]} {[%emt 00:00:19]} Nd5 {[%clk 01:12:38]}
{[%emt 00:04:34]} 15. Nxd5 {[%clk 01:19:30]} {[%emt 00:02:48]} Qxd5 {[%clk
01:12:17]} {[%emt 00:00:51]} 16. Bc4 {[%clk 01:17:14]} {[%emt 00:02:46]} Qd7
{[%clk 01:09:16]} {[%emt 00:03:30]} 17. d5 {[%clk 01:13:37]} {[%emt 00:04:07]}
Bxf3 {[%clk 00:55:29]} {[%emt 00:14:17]} 18. gxf3 {[%clk 01:13:55]} {[%emt
00:00:12]} Ne5 {[%clk 00:50:11]} {[%emt 00:05:48]} 19. Be2 {[%clk 01:12:41]}
{[%emt 00:01:44]} Rxc1 {[%clk 00:48:59]} {[%emt 00:01:43]} 20. Rxc1 {[%clk
01:13:04]} {[%emt 00:00:07]} exd5 {[%clk 00:48:53]} {[%emt 00:00:36]} 21. Rd1
{[%clk 01:13:24]} {[%emt 00:00:11]} Bf6 {[%clk 00:32:28]} {[%emt 00:16:54]} 22.
Qxd5 {[%clk 01:09:51]} Qxd5 {[%clk 00:30:54]} {[%emt 00:06:06]} 23. Rxd5 {[%clk
01:05:27]} {[%emt 00:04:54]} Rd8 {[%clk 00:31:04]} {[%emt 00:00:20]} 24. Rxd8+
{[%clk 01:05:32]} {[%emt 00:00:25]} Bxd8 {[%clk 00:31:28]} {[%emt 00:00:05]}
25. Bd4 {[%clk 01:05:36]} {[%emt 00:00:27]} Nc6 {[%clk 00:31:37]} {[%emt
00:00:21]} 26. Bc3 {[%clk 01:05:59]} {[%emt 00:00:07]} f6 {[%clk 00:28:57]}
{[%emt 00:03:10]} 27. Bc4+ {[%clk 01:06:15]} {[%emt 00:00:14]} Kf8 {[%clk
00:29:14]} {[%emt 00:00:13]} 28. Be6 {[%clk 01:05:31]} {[%emt 00:01:14]} b6
{[%clk 00:29:05]} {[%emt 00:00:39]} 29. Kg2 {[%clk 01:05:33]} {[%emt 00:00:27]}
a5 {[%clk 00:28:36]} {[%emt 00:00:59]} 30. h3 {[%clk 01:05:28]} {[%emt
00:00:36]} Bc7 {[%clk 00:27:18]} {[%emt 00:01:48]} 31. Bd5 {[%clk 01:03:32]}
{[%emt 00:02:25]} Ne5 {[%clk 00:26:52]} {[%emt 00:00:56]} 32. Be4 {[%clk
01:00:07]} {[%emt 00:03:56]} Ng6 {[%clk 00:25:42]} {[%emt 00:01:40]} 33. Bd2
{[%clk 00:54:50]} {[%emt 00:05:47]} Nf4+ {[%clk 00:25:07]} {[%emt 00:01:06]}
34. Bxf4 {[%clk 00:54:55]} {[%emt 00:00:25]} Bxf4 {[%clk 00:25:28]} {[%emt
00:00:08]} 35. a4 {[%clk 00:55:13]} {[%emt 00:00:13]} h6 {[%clk 00:25:47]}
{[%emt 00:00:10]} 1/2-1/2

[Event "DVM U14 2024"]
[Site "Heidelberg GER"]
[Date "2024.12.30"]
[Round "7"]
[White "Belenki, Janis"]
[Black "Draxler, Henning"]
[Result "1-0"]
[Termination "normal"]
[Board "9.3"]
[WhiteElo "1611"]
[BlackElo "1480"]
[WhiteClock "00:01:15"]
[BlackClock "00:00:53"]
[WhiteTeam "Karlsruher SF 1853"]
[BlackTeam "SF Brackel 1930"]
[PlyCount "87"]
[BlackFideId "34634037"]
[EventCountry "GER"]
[EventRounds "7"]
[EventType "team-swiss"]
[EventDate "2024.12.26"]

1. d4 {[%clk 01:30:55]} {[%emt 00:00:05]} d5 {[%clk 01:30:44]} {[%emt
00:00:17]} 2. Bf4 {[%clk 01:31:19]} {[%emt 00:00:05]} Nf6 {[%clk 01:30:11]}
{[%emt 00:01:03]} 3. Nf3 {[%clk 01:31:27]} {[%emt 00:00:21]} Bf5 {[%clk
01:29:03]} {[%emt 00:01:38]} 4. e3 {[%clk 01:31:08]} {[%emt 00:00:50]} e6
{[%clk 01:27:57]} {[%emt 00:01:36]} 5. Bd3 {[%clk 01:29:56]} {[%emt 00:01:41]}
Bg6 {[%clk 01:25:19]} {[%emt 00:03:08]} 6. c4 {[%clk 01:27:13]} {[%emt
00:03:15]} Bb4+ {[%clk 01:11:39]} {[%emt 00:14:09]} 7. Nc3 {[%clk 01:27:22]}
{[%emt 00:00:20]} Bxd3 {[%clk 01:10:46]} {[%emt 00:01:23]} 8. Qxd3 {[%clk
01:27:36]} {[%emt 00:00:17]} O-O {[%clk 01:09:37]} {[%emt 00:01:39]} 9. O-O
{[%clk 01:26:12]} {[%emt 00:01:54]} Be7 {[%clk 01:00:33]} {[%emt 00:09:34]} 10.
h3 {[%clk 01:23:00]} {[%emt 00:03:41]} c5 {[%clk 00:59:17]} {[%emt 00:01:45]}
11. dxc5 {[%clk 01:21:05]} {[%emt 00:02:26]} Bxc5 {[%clk 00:50:14]} {[%emt
00:09:34]} 12. cxd5 {[%clk 01:20:03]} {[%emt 00:01:32]} exd5 {[%clk 00:48:37]}
{[%emt 00:02:07]} 13. Rfd1 {[%clk 01:18:54]} {[%emt 00:01:38]} Nc6 {[%clk
00:38:53]} {[%emt 00:10:14]} 14. Nxd5 {[%clk 01:15:46]} {[%emt 00:03:38]} Nxd5
{[%clk 00:38:53]} {[%emt 00:00:29]} 15. Qxd5 {[%clk 01:14:38]} {[%emt
00:01:39]} Qb6 {[%clk 00:35:38]} {[%emt 00:03:44]} 16. Bg5 {[%clk 01:07:29]}
{[%emt 00:07:39]} Nb4 {[%clk 00:32:40]} {[%emt 00:03:28]} 17. Qb3 {[%clk
01:00:47]} {[%emt 00:07:06]} Qg6 {[%clk 00:29:34]} {[%emt 00:03:38]} 18. a3
{[%clk 00:52:56]} {[%emt 00:08:25]} Nc6 {[%clk 00:29:14]} {[%emt 00:00:51]} 19.
Rd5 {[%clk 00:46:24]} {[%emt 00:06:56]} Bb6 {[%clk 00:24:54]} {[%emt 00:04:56]}
20. Rd7 {[%clk 00:39:35]} {[%emt 00:07:09]} Rab8 {[%clk 00:22:05]} {[%emt
00:03:28]} 21. Rad1 {[%clk 00:30:32]} {[%emt 00:09:21]} h6 {[%clk 00:18:38]}
{[%emt 00:04:09]} 22. Bh4 {[%clk 00:26:00]} {[%emt 00:04:57]} Qh7 {[%clk
00:13:02]} {[%emt 00:06:11]} 23. Kf1 {[%clk 00:18:22]} {[%emt 00:08:04]} Qe4
{[%clk 00:10:37]} {[%emt 00:02:57]} 24. Qd3 {[%clk 00:15:45]} {[%emt 00:03:06]}
Qe8 {[%clk 00:04:10]} {[%emt 00:06:59]} 25. b4 {[%clk 00:09:34]} {[%emt
00:06:43]} a5 {[%clk 00:01:20]} {[%emt 00:03:20]} 26. b5 {[%clk 00:07:30]}
{[%emt 00:02:33]} Ne5 {[%clk 00:01:18]} {[%emt 00:00:32]} 27. Nxe5 {[%clk
00:07:27]} {[%emt 00:00:33]} Qxe5 {[%clk 00:01:47]} {[%emt 00:00:01]} 28. Bg3
{[%clk 00:06:47]} {[%emt 00:01:09]} Qe6 {[%clk 00:01:52]} {[%emt 00:00:25]} 29.
Bxb8 {[%clk 00:06:48]} {[%emt 00:00:29]} Rxb8 {[%clk 00:02:17]} {[%emt
00:00:06]} 30. Rd6 {[%clk 00:06:33]} {[%emt 00:00:42]} Qa2 {[%clk 00:02:08]}
{[%emt 00:00:39]} 31. Rxb6 {[%clk 00:06:27]} {[%emt 00:00:38]} g6 {[%clk
00:01:40]} {[%emt 00:00:59]} 32. Qb1 {[%clk 00:04:56]} {[%emt 00:01:56]} Qxa3
{[%clk 00:01:48]} {[%emt 00:00:28]} 33. Rd7 {[%clk 00:04:32]} {[%emt 00:00:46]}
Rc8 {[%clk 00:01:59]} {[%emt 00:00:25]} 34. Rd1 {[%clk 00:02:15]} {[%emt
00:02:40]} Qe7 {[%clk 00:01:39]} {[%emt 00:00:55]} 35. Qd3 {[%clk 00:01:55]}
{[%emt 00:00:49]} Rf8 {[%clk 00:01:03]} {[%emt 00:01:10]} 36. Qd6 {[%clk
00:01:42]} {[%emt 00:00:42]} Qe4 {[%clk 00:01:04]} {[%emt 00:00:29]} 37. Qd5
{[%clk 00:01:36]} {[%emt 00:00:37]} Qb4 {[%clk 00:01:00]} {[%emt 00:00:33]} 38.
Rxg6+ {[%clk 00:01:12]} {[%emt 00:00:54]} Kh7 {[%clk 00:01:11]} {[%emt
00:00:20]} 39. Rg4 {[%clk 00:01:06]} {[%emt 00:00:33]} Qb2 {[%clk 00:01:08]}
{[%emt 00:00:34]} 40. Qd3+ {[%clk 00:01:09]} {[%emt 00:00:28]} Kh8 {[%clk
00:01:22]} {[%emt 00:00:17]} 41. Qd6 {[%clk 00:00:42]} {[%emt 00:00:55]} Qxb5+
{[%clk 00:01:09]} {[%emt 00:00:45]} 42. Kg1 {[%clk 00:00:50]} {[%emt 00:00:21]}
Qf5 {[%clk 00:00:36]} {[%emt 00:01:05]} 43. Qxf8+ {[%clk 00:00:56]} {[%emt
00:00:24]} Kh7 {[%clk 00:00:53]} {[%emt 00:00:12]} 44. Rg7# {[%clk 00:01:15]}
{[%emt 00:00:11]} 1-0

[Event "DVM U14 2024"]
[Site "Heidelberg GER"]
[Date "2024.12.30"]
[Round "7"]
[White "Zhou, Louis Yuchen"]
[Black "Maier, Kalle"]
[Result "0-1"]
[Termination "normal"]
[Board "9.4"]
[WhiteElo "1215"]
[BlackElo "1673"]
[WhiteClock "00:14:05"]
[BlackClock "00:05:23"]
[WhiteTeam "SF Brackel 1930"]
[BlackTeam "Karlsruher SF 1853"]
[PlyCount "104"]
[WhiteFideId "34649417"]
[BlackFideId "34669604"]
[EventCountry "GER"]
[EventRounds "7"]
[EventType "team-swiss"]
[EventDate "2024.12.26"]

1. e4 {[%clk 01:29:55]} {[%emt 00:01:05]} c5 {[%clk 01:30:56]} {[%emt
00:00:04]} 2. Nf3 {[%clk 01:30:20]} {[%emt 00:00:04]} Nc6 {[%clk 01:31:23]}
{[%emt 00:00:04]} 3. d4 {[%clk 01:30:40]} {[%emt 00:00:10]} cxd4 {[%clk
01:31:50]} {[%emt 00:00:04]} 4. Nxd4 {[%clk 01:31:00]} {[%emt 00:00:09]} e5
{[%clk 01:32:16]} {[%emt 00:00:04]} 5. Nf3 {[%clk 01:31:06]} {[%emt 00:00:24]}
Nf6 {[%clk 01:32:40]} {[%emt 00:00:07]} 6. Nc3 {[%clk 01:31:23]} {[%emt
00:00:11]} Bb4 {[%clk 01:33:00]} {[%emt 00:00:10]} 7. Bc4 {[%clk 01:24:09]}
{[%emt 00:07:44]} Bxc3+ {[%clk 01:31:44]} {[%emt 00:01:46]} 8. bxc3 {[%clk
01:24:22]} {[%emt 00:00:18]} O-O {[%clk 01:30:48]} {[%emt 00:01:26]} 9. Bg5
{[%clk 01:24:30]} {[%emt 00:00:21]} d6 {[%clk 01:30:51]} {[%emt 00:00:28]} 10.
h3 {[%clk 01:22:17]} {[%emt 00:02:42]} h6 {[%clk 01:25:27]} {[%emt 00:05:54]}
11. Bh4 {[%clk 01:21:49]} {[%emt 00:00:57]} Kh8 {[%clk 01:23:39]} {[%emt
00:02:19]} 12. O-O {[%clk 01:20:59]} {[%emt 00:01:18]} g5 {[%clk 01:15:17]}
{[%emt 00:08:54]} 13. Bxg5 {[%clk 00:59:07]} {[%emt 00:22:22]} hxg5 {[%clk
01:15:31]} {[%emt 00:00:16]} 14. Nxg5 {[%clk 00:59:23]} {[%emt 00:00:14]} Qe7
{[%clk 01:03:44]} {[%emt 00:12:18]} 15. f4 {[%clk 00:57:31]} {[%emt 00:02:21]}
Kg7 {[%clk 00:49:19]} {[%emt 00:14:56]} 16. f5 {[%clk 00:46:02]} {[%emt
00:11:59]} Na5 {[%clk 00:43:25]} {[%emt 00:06:25]} 17. Be2 {[%clk 00:43:28]}
{[%emt 00:03:04]} Rh8 {[%clk 00:39:37]} {[%emt 00:04:17]} 18. Rf3 {[%clk
00:41:07]} {[%emt 00:02:51]} Kf8 {[%clk 00:36:44]} {[%emt 00:03:24]} 19. Rb1
{[%clk 00:32:03]} {[%emt 00:09:31]} Qd7 {[%clk 00:30:19]} {[%emt 00:06:59]} 20.
Rb5 {[%clk 00:29:08]} {[%emt 00:03:24]} b6 {[%clk 00:28:26]} {[%emt 00:02:23]}
21. Rb4 {[%clk 00:23:59]} {[%emt 00:05:39]} Bb7 {[%clk 00:23:09]} {[%emt
00:05:47]} 22. Qd3 {[%clk 00:18:32]} {[%emt 00:05:56]} Rg8 {[%clk 00:18:51]}
{[%emt 00:04:49]} 23. Qe3 {[%clk 00:17:25]} {[%emt 00:01:36]} Ke7 {[%clk
00:16:52]} {[%emt 00:02:29]} 24. Bc4 {[%clk 00:15:05]} {[%emt 00:02:50]} Nxc4
{[%clk 00:17:12]} {[%emt 00:00:10]} 25. Rxc4 {[%clk 00:15:31]} {[%emt
00:00:05]} Ba6 {[%clk 00:16:42]} {[%emt 00:01:00]} 26. Rb4 {[%clk 00:14:43]}
{[%emt 00:01:18]} Rac8 {[%clk 00:13:37]} {[%emt 00:03:35]} 27. Kf2 {[%clk
00:14:11]} {[%emt 00:01:01]} Rg7 {[%clk 00:12:04]} {[%emt 00:02:04]} 28. Rg3
{[%clk 00:13:46]} {[%emt 00:00:55]} Nh5 {[%clk 00:10:13]} {[%emt 00:02:21]} 29.
Rg4 {[%clk 00:12:49]} {[%emt 00:01:25]} Nf6 {[%clk 00:08:03]} {[%emt 00:02:42]}
30. Rg3 {[%clk 00:13:05]} {[%emt 00:00:13]} Bb7 {[%clk 00:08:07]} {[%emt
00:00:26]} 31. a3 {[%clk 00:11:35]} {[%emt 00:02:00]} Qc6 {[%clk 00:07:23]}
{[%emt 00:01:14]} 32. Qd3 {[%clk 00:10:45]} {[%emt 00:01:20]} a5 {[%clk
00:06:29]} {[%emt 00:01:24]} 33. Rb3 {[%clk 00:10:23]} {[%emt 00:00:47]} Rxg5
{[%clk 00:06:39]} {[%emt 00:00:24]} 34. Rxg5 {[%clk 00:09:46]} {[%emt
00:01:07]} Nxe4+ {[%clk 00:07:01]} {[%emt 00:00:08]} 35. Ke1 {[%clk 00:10:01]}
{[%emt 00:00:15]} Nxg5 {[%clk 00:07:06]} {[%emt 00:00:25]} 36. g4 {[%clk
00:10:05]} {[%emt 00:00:26]} Qe4+ {[%clk 00:06:48]} {[%emt 00:00:48]} 37. Qxe4
{[%clk 00:10:24]} {[%emt 00:00:11]} Bxe4 {[%clk 00:06:48]} {[%emt 00:00:31]}
38. Rxb6 {[%clk 00:10:39]} {[%emt 00:00:15]} Rxc3 {[%clk 00:06:35]} 39. h4
{[%clk 00:10:51]} {[%emt 00:01:01]} Nf3+ {[%clk 00:06:33]} {[%emt 00:00:32]}
40. Kf1 {[%clk 00:10:52]} {[%emt 00:00:28]} Rxc2 {[%clk 00:06:10]} {[%emt
00:00:54]} 41. Rb3 {[%clk 00:10:56]} {[%emt 00:00:26]} Nxh4 {[%clk 00:05:21]}
{[%emt 00:01:18]} 42. Re3 {[%clk 00:11:09]} {[%emt 00:00:16]} d5 {[%clk
00:05:05]} {[%emt 00:00:48]} 43. g5 {[%clk 00:11:26]} {[%emt 00:00:13]} Nxf5
{[%clk 00:04:36]} {[%emt 00:00:59]} 44. a4 {[%clk 00:11:40]} {[%emt 00:00:15]}
d4 {[%clk 00:04:22]} {[%emt 00:00:44]} 45. Rxe4 {[%clk 00:11:50]} {[%emt
00:00:20]} Ng3+ {[%clk 00:04:46]} {[%emt 00:00:06]} 46. Ke1 {[%clk 00:12:08]}
{[%emt 00:00:13]} Nxe4 {[%clk 00:05:07]} {[%emt 00:00:09]} 47. g6 {[%clk
00:12:20]} {[%emt 00:00:16]} fxg6 {[%clk 00:05:30]} {[%emt 00:00:09]} 48. Kf1
{[%clk 00:12:39]} {[%emt 00:00:11]} Nc3 {[%clk 00:05:21]} {[%emt 00:00:39]} 49.
Ke1 {[%clk 00:13:04]} {[%emt 00:00:05]} d3 {[%clk 00:05:27]} {[%emt 00:00:24]}
50. Kf1 {[%clk 00:13:24]} {[%emt 00:00:09]} Re2 {[%clk 00:05:24]} {[%emt
00:00:33]} 51. Kg1 {[%clk 00:13:45]} {[%emt 00:00:09]} d2 {[%clk 00:05:34]}
{[%emt 00:00:21]} 52. Kf1 {[%clk 00:14:05]} {[%emt 00:00:09]} d1=R# {[%clk
00:05:23]} {[%emt 00:00:11]} 0-1